Statistics for Flag Quiz Very Hard

Click here to take the quiz!

General Stats

  • This quiz has been taken 38 times
  • The average score is 14 of 16

Answer Stats

Answer% Correct
Albania
100%
North Macedonia
94%
Dominican Republic
92%
Andorra
89%
Bhutan
89%
Bosnia And Herzegovina
89%
Dominica
89%
Moldova
89%
Haiti
86%
Nicaragua
86%
Lesotho
83%
Montenegro
83%
Botswana
81%
Eswatini
81%
Saint Lucia
81%
Saint Kitts And Nevis
72%

Score Distribution

Percentile by Number Answered

Percent of People with Each Score

Your Score History

You have not taken this quiz